| 000 | 01206nam a22003617a 4500 | ||
|---|---|---|---|
| 001 | BR8202643 | ||
| 003 | BR-BrBNA | ||
| 005 | 20230928091316.0 | ||
| 007 | ta | ||
| 008 | 230509b bl.||||| |||| 00| 0 por d | ||
| 040 |
_aBR-BrBNA _bpor _cBiblioteca Nacional de Agricultura |
||
| 041 | _a(Por) | ||
| 072 |
_aF30 _b0430 |
||
| 090 | _ 0430 BR8202643 | ||
| 110 | 1 |
_aCentro Nacional de Pesquisa do Algodao, Campina Grande, PB (Brasil); _91702 |
|
| 110 | 1 |
_aSecretaria da Agricultura do Estado da Bahia, Salvador (Brasil); _98201 |
|
| 110 | 1 | _aEmpresa Baiana de Pesquisa Agropecuaria, BA (Brasil) | |
| 111 | 1 |
_a2. Reuniao Nacional do Algodao _cSalvador, BA (Brazil) _d9 Aug 1982 |
|
| 245 | 1 | _a2. Reuniao Nacional do Algodao. Resumo dos trabalhos [algodao, cruzamento vegetal, linhagem, fisiologia vegetal] | |
| 260 | 3 |
_aCampina Grande, PB (Brasil): _c1982. |
|
| 300 | _a258 p. | ||
| 500 | _aSummary only | ||
| 650 | _aALGODAO | ||
| 650 | _aCOMPORTAMENTO DE VARIEDADE | ||
| 650 | _aLINHAGEM | ||
| 650 | _aCRUZAMENTO VEGETAL | ||
| 650 | _aFISIOLOGIA VEGETAL | ||
| 650 | _aERVA DANINHA | ||
| 650 | _aHERBICIDA | ||
| 650 | _aADUBACAO | ||
| 909 |
_a202309 _bLucia _c55 _dLucia Elande |
||
| 942 | _cBK | ||
| 999 |
_c33318 _d33318 |
||